DELMAR`S GUIDE TO LABORATORY & DLIAGNOSTTIC TEST / (Record no. 795338)

MARC details
000 -LEADER
fixed length control field 00454pam a2200169 a 4500
020 ## - INTERNATIONAL STANDARD BOOK NUMBER
International Standard Book Number 0766815072
Terms of availability 1588.86
041 ## - LANGUAGE CODE
Language code of text/sound track or separate title eng
Language code of original NULL
082 ## - DEWEY DECIMAL CLASSIFICATION NUMBER
Classification number 616.075
Item number DAN
100 ## - MAIN ENTRY--PERSONAL NAME
Personal name DANIELS, R .
245 ## - TITLE STATEMENT
Title DELMAR`S GUIDE TO LABORATORY & DLIAGNOSTTIC TEST /
Statement of responsibility, etc. NULL.
Medium Textual Documents
260 ## - PUBLICATION, DISTRIBUTION, ETC.
Place of publication, distribution, etc. NULL :
Name of publisher, distributor, etc. DELMAR ,
Date of publication, distribution, etc. 2002.
300 ## - PHYSICAL DESCRIPTION
Extent 1018 :
Other physical details xi ;
Dimensions NULL .
365 ## - TRADE PRICE
Price type code 1588.86
650 ## - SUBJECT ADDED ENTRY--TOPICAL TERM
Topical term or geographic name entry element PATHOLOGY
930 ## - EQUIVALENCE OR CROSS-REFERENCE-UNIFORM TITLE HEADING [LOCAL, CANADA]
Uniform title 802
Holdings
Withdrawn status Lost status Damaged status Not for loan Home library Current library Date acquired Cost, normal purchase price Total Checkouts Full call number Barcode Date last seen Copy number Price effective from Koha item type
        Medical College & Hospital, Sangli Medical College & Hospital, Sangli 28/11/2011 1588.86   616.075 DAN MCS-2694 26/07/2023 1 26/07/2023 Book